Statistics for U.S. States with the Highest Life Expectancies

Click here to take the quiz!

General Stats

  • This quiz has been taken 16 times
  • The average score is 9 of 10

Answer Stats

RankLEBState% Correct
479.0California
100%
279.2Washington
100%
379.1Minnesota
94%
778.8Oregon
94%
978.6Utah
94%
180.7Hawaii
88%
579.0Massachusetts
88%
679.0New Hampshire
88%
878.8Vermont
81%
1078.4Connecticut
75%

Score Distribution

Percentile by Number Answered

Percent of People with Each Score

Your Score History

You have not taken this quiz